Normal view
MARC view
- Gulshan, S. S.
Entry Personal Name
001 - CONTROL NUMBER
- control field: 40557
003 - CONTROL NUMBER IDENTIFIER
- control field: OSt
005 - DATE AND TIME OF LATEST TRANSACTION
- control field: 20160731133951.0
008 - FIXED-LENGTH DATA ELEMENTS
- fixed length control field: 160731|| aca||aabn | a|a d
040 ## - CATALOGING SOURCE
- Original cataloging agency: OSt
100 1# - HEADING--PERSONAL NAME
- Personal name: Gulshan, S. S.
- Dates associated with a name: 1935-
- Fuller form of name: (Satnam Singh),